| 000 | 00753cam a2200241 a 4500 | ||
|---|---|---|---|
| 001 | 42280 | ||
| 003 | BD-RjUL | ||
| 005 | 20211209053522.0 | ||
| 008 | 160611s19611957enk b 001 0 eng d | ||
| 035 | _a(BD-RjUL) 42398 | ||
| 040 |
_aWSU _dOCL _beng _cBD-RjUL |
||
| 041 | _aeng | ||
| 082 |
_223 _a328.42 _bJEP 1961 |
||
| 100 | 1 |
_aJennings, Ivor, _d1903-1965. _9125300 |
|
| 245 | 1 | 0 |
_aParliament / _cSir Ivor Jennings. |
| 250 | _a2nd ed. | ||
| 260 |
_aCambridge : _bCambridge University Press, _c1957 [Reprinted 1961] |
||
| 300 |
_axi, 573 p. ; _c24 cm. |
||
| 504 | _aIncludes bibliographical footnotes and index. | ||
| 610 | 1 | 0 |
_aGreat Britain. _bParliament. _9130027 |
| 651 | 0 |
_aGreat Britain _xPolitics and government. _9130022 |
|
| 942 |
_2ddc _cBK |
||
| 999 |
_c42280 _d42280 |
||